000 00590nam a2200193 b 4500
001 bimo0001629338
003 OSt
005 20140611083745.0
008 001128s1999 can spa
020 _a0-921907-07-9
040 _aSpMaBN
_bspa
_cBMC
_erdc
082 _a980
100 1 _919857
_aGlickman, Robert Jay
245 1 0 _aFin del siglo
_b: retrato de Hispanoamérica en la época modernista
_cRobert Jay Glickman
260 _aToronto
_bCanadian Academy of the Arts
_c1999
300 _a373 p.
_bil.
_c28 cm
651 4 _aAmérica latina
_xCivilización
_912626
942 _2ddc
_cBK
999 _c10743
_d10743